000 00442cam a2200145ua 4500
041 _aeng
_h
082 _a028.74635
_bCHA/US
100 _aChadha, K.L.
245 _aUse of plant growth regulators in horticultural, plantation and medicinal plants /
_cK.L Chadha.
_hTextual Documents
260 _aNew Delhi :
_bToday and Tomorrow`s Printers and publishers ,
_c1972.
300 _a266 ; .
504 _a
942 _cBK
999 _c6766
_d6766